Allsvenskan Clubs Quiz - Statistics

General Stats
  • This quiz has been taken 40 times
  • The average score is 11 of 16
Answer Stats
Club % Correct
Malmö FF
100%
AIK
94%
IFK Göteborg
94%
Hammarby IF
89%
Djurgården IF
86%
IF Elfsborg
74%
BK Häcken
71%
IFK Norrköping
69%
Helsingborgs IF
63%
Kalmar FF
63%
Örebro SK
57%
Östersunds FK
57%
IK Sirius
54%
Mjällby AIF
37%
Varbergs BoIS
37%
Falkenbergs FF
31%
No matching quizzes found
Score Distribution
Percent of People with Each Score
Percentile by Number Answered
Your Score History
You have not taken this quiz